000 00390nam a2200145 a 4500
005 20140414132105.0
008 100823s19uu xx 00 eng d
050 _aM 299.171
_bW24 2002
100 _aWarner, Elizabeth
245 _aRussian myths.
260 _aLondon :
_bThe British Museum Press,
_c2002.
440 _aThe legendary past
650 _aMythology, Slavic
999 _c114566
_d114566